Responses for Show #5025 - Friday, June 16, 2006

Craig Westphal game 6.

Contestants

[<< previous game]

Josh Kennedy, a bartender from Trenton, New Jersey

Gerald Bergen, a construction worker from Philadelphia, Pennsylvania

Craig Westphal, a paramedic from Tucson, Arizona (whose 5-day cash winnings total $114,601)

[next game >>]

Jeopardy! Round responses

HUMMINGBIRDS
2001: A SPORTS ODYSSEY
LET'S GO WORK OUT
TRAIL MIX
FIRST BORN
EPONYMS
    $200 21
200

Craig
    $200 1
73

Craig
    $200 3
anaerobic

Craig
    $200 12
the Potomac

Josh
    $200 11
(Josh: Uh, who are poets?)
(Gerald: Who are playwrights?)
...
(Alex: The two of you completely misunderstanding the clue: of those three, which is the first born?)
(Josh: Oh.)

Shakespeare

GeraldJosh
Triple Stumper
    $200 26
(Josh: What is a humbug?)

a scrooge

CraigJosh
    $400 22
red

Craig
    $400 2
the Washington Wizards

Gerald
    $400 6
an elliptical machine

Craig
    $400 13
Lewis & Clark

Josh
    $400 17
Wolfgang Mozart

Josh
    $400 27
(Gerald: Who is Gutenberg?)

(Louis) Braille

GeraldJosh
    $600 23
hibernation

Craig
    $600 4
the Preakness

Josh
    $600 8
resting metabolic rate

Josh
    $600 14
the Oregon Trail

Craig
    $600 18
Gerald Ford

Josh
    $600 28
Horatio Alger

Gerald
    $1,000 24
the Andes

Craig
    $800 5
Cal Ripken

Gerald
    $800 9
a range of motion

Craig
    $800 15
the Appalachian Trail

Craig
    $800 19
Grandma Moses

Gerald
    $800 29
(Josh: What is marzipan?)

praline

GeraldJosh
    $1000 25
(Alex: Little guy. [Indicates small amount with his thumb and index finger] This big.)
...
(Craig: I don't know what an eponym is but I'll take it for $200.)
(Alex: Aha, you'll discover right now with this clue.)

the Calliope hummingbird

Triple Stumper
    $1000 7
the Colorado Avalanche

Josh
    $1000 10
(Joseph) Pilates

Craig
    $1000 16
Illinois

Josh
    $1000 20
Marco Polo

Craig
    $1000 30
the maxwell

Craig

Scores at the first commercial break (after clue 16):

Craig Gerald Josh
$4,000 $1,000 $3,600

Scores at the end of the Jeopardy! Round:

Craig Gerald Josh
$8,400 $2,800 $4,000

Double Jeopardy! Round responses

CITY OF THE DAY: SAVANNAH
WHO'S WHO IN AMERICA
THE INDIE 5
17th CENTURY QUOTATIONS
THE SHIP
HITS THE "FAN"
    $400 11
John Wesley

Craig
    $400 1
Charles Lindbergh

Craig
    $400 12
Reservoir Dogs

Josh
    $400 21
(Josh: Who is King William III of England?)
(Alex: No. ...Talk about "Englishman" and "diary"--[*].)

Samuel Pepys

Josh
Triple Stumper
    $400 6
Henry Hudson

Gerald
    $400 26
fancy

Gerald
    $800 17
(Craig: Who is Rachael Ray?)

Paula Deen

Craig
Triple Stumper
    $800 2
Tony Hawk

Craig
    $800 13
sex, lies, and videotape

Craig
    $800 22
Newton

Gerald
    $800 7
the Britanic (or the Olympic)

Gerald
    $800 27
fanaticism

Craig
    $1200 18
Midnight in the Garden of Good and Evil

Gerald
    $1200 3
Edison

Josh
    $1200 14
The Life of Brian

Josh
    $1200 23
The Compleat Angler

Triple Stumper
    $1200 8
the Exxon Valdez

Josh
    $1200 28
Fanfare

Craig
    $1600 19
William Tecumseh Sherman

Gerald
    $2,400 4
Shirley Temple Black

Josh
    $1600 15
John Cassavetes

Triple Stumper
    $1600 24
(Josh: What is anarchy?)

tyranny

Josh
Triple Stumper
    $3,000 9
the Amistad

Josh
    $1600 29
fandango

Craig
    $2000 20
General Nathanael Greene

Triple Stumper
    $2000 5
Jimmy Carter

Craig
    $2000 16
Clerks

Josh
    $2000 25
(Craig: Who is Descartes?)

Blaise Pascal

Craig
Triple Stumper
    $2000 10
the Andrea Doria

Josh
    $2000 30
(Alex: There are parlors for [*]. [*].)

fantan

Triple Stumper

Scores at the end of the Double Jeopardy! Round:

Craig Gerald Josh
$13,600 $8,000 $15,400

[wagering suggestions for these scores]

Final Jeopardy! Round responses

TRANSPORTATION NEWS
(Alex: All three of you, I'm sure, know the Routemaster vehicle by another name.)
...
(Alex: [Revealing Josh's response] He selected [*] because he knew the Routemaster was another name for the double-decker bus.)
GeraldWhat is Anchorage?
$5,000
CraigWhat is Chicago?
$2,401
JoshWhat is London
$12,000
London

Final scores:

Craig Gerald Josh
$11,199 $3,000 $27,400
2nd place: $2,000 3rd place: $1,000 New champion: $27,400

Game dynamics:

Coryat scores:

Craig Gerald Josh
$13,400 $8,000 $13,200
22 R
(including 1 DD),
2 W
11 R,
2 W
17 R
(including 2 DDs),
5 W

Combined Coryat: $34,600

[game clues] [game scores] [suggest correction]

Game tape date: Unknown
The J! Archive is created by fans, for fans. Scraping, republication, monetization, and malicious use prohibited; this site may use cookies and collect identifying information. See terms. The Jeopardy! game show and all elements thereof, including but not limited to copyright and trademark thereto, are the property of Jeopardy Productions, Inc. and are protected under law. This website is not affiliated with, sponsored by, or operated by Jeopardy Productions, Inc. Join the discussion at JBoard.tv.